Normal view
MARC view
- Deschamps, Jean-Pierre,
Entry Personal Name
001 - CONTROL NUMBER
- control field: 102441
003 - CONTROL NUMBER IDENTIFIER
- control field: NUST
005 - DATE AND TIME OF LATEST TRANSACTION
- control field: 20221107174743.0
008 - FIXED-LENGTH DATA ELEMENTS
- fixed length control field: 221107|| aca||aabn | a|a d
040 ## - CATALOGING SOURCE
- Original cataloging agency: NUST
- Transcribing agency: NUST
100 ## - HEADING--PERSONAL NAME
- Personal name: Deschamps, Jean-Pierre,
- Dates associated with a name: 1945-
670 ## - SOURCE DATA FOUND
- Source citation: Work cat.: (NUST)181897: Davio, Marc. 102440, Discrete and switching functions /, c1978.
